000 00249nam a2200097Ia 4500
001 725219
005 20250826163405.0
008 250824s9999 xx 000 0 und d
245 0 _aZAMANDA KIVRILMA
_cMADELEINE LENGLE
260 _bBEYAZ BALİNA YAYINLARI
999 _c725219
_d725219